| 000 | 01088nam a22003137a 4500 | ||
|---|---|---|---|
| 003 | EG-ScBUE | ||
| 005 | 20220612102026.0 | ||
| 008 | 140922t2010 maua f 001 0 eng d | ||
| 020 | _a9781426633522 | ||
| 020 | _a1426633521 | ||
| 040 |
_aEG-ScBUE _beng _erda _cEG-ScBUE _dEG-ScBUE |
||
| 082 | 0 | 4 |
_222 _a428.24 _bBRO |
| 100 | 1 |
_936091 _aBroukal, Milada, _eauthor. |
|
| 245 | 1 | 0 |
_aWeaving it together 4 : _bconnecting reading and writing / _cMilada Broukal. |
| 246 | 3 |
_aWeaving it together four : _bconnecting reading and writing |
|
| 250 |
_aThird edition, _binternational student edition. |
||
| 264 | 1 |
_aBoston, MA : _bHeinle, Cengage Learning, _c[2010] |
|
| 264 | 4 | _cc2010 | |
| 300 |
_aviii, 274 pages : _bcolor illustrations ; _c26 cm |
||
| 336 |
_2rdacontent _atext _btxt |
||
| 337 |
_2rdamedia _aunmediated _bn |
||
| 338 |
_2rdacarrier _avolume _bnc |
||
| 500 | _aIncludes index. | ||
| 650 | 7 |
_aEnglish language _vTextbooks for foreign speakers. _2BUEsh |
|
| 651 | _2BUEsh | ||
| 653 |
_cSeptember2014 _bHHUUEENN |
||
| 655 |
_vReading book _934232 |
||
| 942 |
_2ddc _k428.24 BRO _cBB |
||
| 999 |
_c18395 _d18367 |
||